| 000 | 00405nam a22001697a 4500 | ||
|---|---|---|---|
| 005 | 20250619125113.0 | ||
| 008 | 250508b |||||||| |||| 00| 0 eng d | ||
| 020 | _a9780349433844 | ||
| 040 | _cSDCL | ||
| 041 | _aeng | ||
| 084 | _aO-,2NJA R4 LR | ||
| 100 |
_aJimenez, Abby _9755484 |
||
| 245 | _aJust for the summer | ||
| 260 |
_aLondon : _bPiatkus, _c2024. |
||
| 300 | _a418p | ||
| 942 |
_2CC _cGB |
||
| 999 |
_c1320398 _d1320398 |
||